Statistics for All Dark Souls 3 Weapons & Equipment

Click here to take the quiz!

General Stats

  • This quiz has been taken 222 times
    (221 since last reset)
  • The average score is 63 of 279

Answer Stats

Weapon CategoryAnswer% Correct
DaggersDagger
81%
Ultra GreatswordsGreatsword
72%
Straight SwordsLong Sword
64%
KatanasUchigatana
64%
HalberdsHalberd
61%
Whips & FlailsWhip
61%
Straight SwordsBroadsword
58%
Thrusting SwordsRapier
58%
Fists & ClawsCaestus
56%
GreataxesGreataxe
56%
Straight SwordsLothric Knight Sword
56%
Spears & PikesSpear
56%
Spears & PikesPike
53%
Straight SwordsShortsword
53%
Ultra GreatswordsBlack Knight Greatsword
50%
BowsLongbow
50%
DaggersParrying Dagger
50%
BowsShort Bow
50%
GreatswordsBlack Knight Sword
47%
GreatswordsClaymore
47%
GreatswordsHollowslayer Greatsword
47%
Ultra GreatswordsZweihander
47%
Ultra GreatswordsFarron Greatsword
44%
ReapersGreat Scythe
44%
GreatswordsMoonlight Greatsword
44%
KatanasChaos Blade
42%
HammersClub
42%
Thrusting SwordsEstoc
42%
GreatswordsGael's Greatsword
42%
Great HammersGreat Club
42%
Whips & FlailsNotched Whip
42%
Great HammersVordt's Great Hammer
42%
GreatswordsBastard Sword
39%
Straight SwordsBroken Straight Sword
39%
GreatbowsDragonslayer Greatbow
39%
DaggersAquamarine Dagger
36%
Ultra GreatswordsAstora Greatsword
36%
GreataxesBlack Knight Greataxe
36%
Fists & ClawsClaw
36%
CrossbowsHeavy Crossbow
36%
Straight SwordsIrithyll Straight Sword
36%
Straight SwordsAstora Straight Sword
33%
CrossbowsAvelyn
33%
DaggersBandit's Knife
33%
AxesBattle Axe
33%
Small ShieldsBuckler
33%
Thrusting SwordsCrystal Sage's Rapier
33%
Straight SwordsDark Sword
33%
GreataxesDragonslayer Greataxe
33%
GreatswordsGreatsword of Judgement
33%
AxesHand Axe
33%
CrossbowsLight Crossbow
33%
Ultra GreatswordsLothric Knight Greatsword
33%
HammersMace
33%
Ultra GreatswordsProfaned Greatsword
33%
Flames, Talismans & ChimesPyromancy Flame
33%
GreatswordsWolnir's Holy Sword
33%
GreataxesYhorm's Great Machete
33%
BowsBlack Bow of Pharris
31%
Fists & ClawsDemon's Fist
31%
GreataxesDemon's Greataxe
31%
Curved SwordsFalchion
31%
GreatswordsFirelink Greatsword
31%
KatanasFrayed Blade
31%
ReapersFriede's Great Scythe
31%
Ultra GreatswordsFume Ultra Greatsword
31%
Great HammersGreat Mace
31%
Small ShieldsLeather Shield
31%
CrossbowsRepeating Crossbow
31%
Curved SwordsSellsword Twinblades
31%
KatanasWashing Pole
31%
AxesWinged Knight Twinaxes
31%
KatanasBlack Blade
28%
HalberdsBlack Knight Glaive
28%
HammersBlacksmith Hammer
28%
DaggersBrigand Twindaggers
28%
Ultra GreatswordsCathedral Knight Greatsword
28%
DaggersCorvian Greatknife
28%
Fists & ClawsCrow Talons
28%
KatanasDarkdrift
28%
GreatswordsExecutioner's Greatsword
28%
Curved GreatswordsExile Greatsword
28%
GreatswordsFlamberge
28%
HalberdsGundyr's Halberd
28%
Great HammersLedo's Great Hammer
28%
Ultra GreatswordsLorian's Greatsword
28%
Straight SwordsLothric's Holy Sword
28%
HalberdsLucerne
28%
DaggersMail Breaker
28%
GreatbowsMillwood Greatbow
28%
HammersMorning Star
28%
HammersReinforced Club
28%
Ultra GreatswordsRinged Knight Paired Greatswords
28%
Straight SwordsRinged Knight Straight Sword
28%
Spears & PikesRotten Ghru Spear
28%
Curved SwordsScimitar
28%
Great HammersSmough's Great Hammer
28%
Whips & FlailsSpotted Whip
28%
Straight SwordsSunlight Straight Sword
28%
HalberdsWinged Knight Halberd
28%
GreatswordsWolf Knight's Greatsword
28%
AxesButcher Knife
25%
Curved SwordsCarthus Curved Sword
25%
Curved SwordsDancer's Enchanted Swords
25%
Fists & ClawsDark Hand
25%
Curved SwordsDemon's Scar
25%
GreataxesGreat Machete
25%
Great HammersLarge Club
25%
Spears & PikesLothric War Banner
25%
Great HammersMorne's Great Hammer
25%
DaggersMurky Hand Scythe
25%
Spears & PikesPartizan
25%
Curved SwordsPontiff Knight Curved Sword
25%
DaggersRotten Ghru Dagger
25%
Spears & PikesWinged Spear
25%
Standard ShieldsWooden Shield
25%
Straight SwordsAnri's Straight Sword
22%
Spears & PikesArstor's Spear
22%
Standard ShieldsBlack Knight Shield
22%
Straight SwordsCleric's Candlestick
22%
Spears & PikesDragonslayer Spear
22%
Great HammersDragon Tooth
22%
HammersDrang Hammers
22%
Spears & PikesDrang Twinspears
22%
Standard ShieldsEast-West Shield
22%
Straight SwordsGotthard Twinswords
22%
ReapersGreat Corvian Scythe
22%
GreatshieldsHavel's Greatshield
22%
Fists & ClawsManikin Claws
22%
AxesMillwood Battle Axe
22%
Curved GreatswordsMurakumo
22%
KatanasOnikiri and Ubadachi
22%
GreatswordsOnyx Blade
22%
Spears & PikesRinged Knight Spear
22%
DaggersScholar's Candlestick
22%
Curved SwordsShotel
22%
Small ShieldsSmall Leather Shield
22%
Great HammersSpiked Mace
22%
HalberdsSplitleaf Greatsword
22%
Flames, Talismans & ChimesSunlight Talisman
22%
AxesThrall Axe
22%
GreatswordsTwin Princes' Greatsword
22%
CrossbowsArbalest
19%
Curved SwordsCarthus Shotel
19%
BowsComposite Bow
19%
Standard ShieldsDragon Crest Shield
19%
Spears & PikesFollower Javelin
19%
Spears & PikesFour-Pronged Plow
19%
HalberdsGlaive
19%
Standard ShieldsGrass Crest Shield
19%
Curved GreatswordsHarald Curved Greatsword
19%
Spears & PikesLothric Knight Long Spear
19%
Standard ShieldsLothric Knight Shield
19%
AxesMan Serpent Hatchet
19%
ReapersPontiff Knight Scythe
19%
HalberdsRed Hilted Halberd
19%
Thrusting SwordsRicard's Rapier
19%
Spears & PikesSaint Bident
19%
Standard ShieldsShield of Want
19%
CrossbowsSniper Crossbow
19%
StavesSorcerer's Staff
19%
GreatswordsStorm Ruler
19%
Flames, Talismans & ChimesTalisman
19%
HammersWarpick
19%
Whips & FlailsWitch's Locks
19%
Straight SwordsBarbed Straight Sword
17%
GreatshieldsBlack Iron Greatshield
17%
KatanasBloodlust
17%
AxesBrigand Axe
17%
HalberdsCrescent Axe
17%
Standard ShieldsCrest Shield
17%
Thrusting SwordsCrow Quills
17%
BowsDragonrider Bow
17%
GreatshieldsDragonslayer Greatshield
17%
AxesDragonslayer's Axe
17%
Curved SwordsFollower Sabre
17%
Spears & PikesGargoyle Flame Spear
17%
Spears & PikesGreatlance
17%
DaggersHarpe
17%
Thrusting SwordsIrithyll Rapier
17%
CrossbowsKnight's Crossbow
17%
Standard ShieldsKnight Shield
17%
Straight SwordsMorion Blade
17%
GreatbowsOnislayer Greatbow
17%
Curved SwordsPainting Guardian's Curved Sword
17%
Whips & FlailsRose of Ariandel
17%
Curved GreatswordsCarthus Curved Greatsword
14%
HalberdsCrucifix of the Mad King
14%
GreatshieldsCurse Ward Greatshield
14%
BowsDarkmoon Longbow
14%
Spears & PikesDragonslayer Swordspear
14%
StavesHeretic's Staff
14%
HammersHeysel Pick
14%
HalberdsImmolation Tinder
14%
Small ShieldsIron Round Shield
14%
Standard ShieldsKite Shield
14%
Curved GreatswordsOld Wolf Curved Sword
14%
Curved SwordsRotten Ghru Curved Sword
14%
Standard ShieldsRound Shield
14%
Standard ShieldsSilver Knight Shield
14%
Standard ShieldsSpider Shield
14%
GreatshieldsStone Greatshield
14%
Straight SwordsValorheart
14%
BowsWhite Birch Bow
14%
GreatshieldsBonewheel Shield
11%
Small ShieldsCaduceus Round Shield
11%
StavesCourt Sorcerer's Staff
11%
Curved SwordsCrescent Moon Sword
11%
Flames, Talismans & ChimesCrystal Chime
11%
GreatswordsDrakeblood Greatsword
11%
GreataxesEarth Seeker
11%
Great HammersGargoyle Flame Hammer
11%
Great HammersGreat Wooden Hammer
11%
DaggersHandmaid's Dagger
11%
GreatshieldsLothric Knight Greatshield
11%
Great HammersOld King's Great Hammer
11%
Standard ShieldsPierce Shield
11%
Curved SwordsStorm Curved Sword
11%
DaggersTailbone Short Sword
11%
Spears & PikesTailbone Spear
11%
Curved SwordsWarden Twinblades
11%
GreatshieldsYhorm's Greatshield
11%
Flames, Talismans & ChimesCaitha's Chime
8%
GreatshieldsCathedral Knight Greatshield
8%
Flames, Talismans & ChimesCleric's Sacred Chime
8%
AxesEleonara
8%
GreatshieldsGreatshield of Glory
8%
Standard ShieldsLarge Leather Shield
8%
Small ShieldsLlewellyn Shield
8%
Great HammersPickaxe
8%
Small ShieldsPlank Shield
8%
Standard ShieldsPontiff Knight Shield
8%
Flames, Talismans & ChimesPyromancer's Parting Flame
8%
Great HammersQuakestone Hammer
8%
Small ShieldsRed and White Shield
8%
Flames, Talismans & ChimesSaint's Talisman
8%
Standard ShieldsSpiked Shield
8%
StavesStoryteller's Staff
8%
Flames, Talismans & ChimesSunless Talisman
8%
Standard ShieldsSunlight Shield
8%
Standard ShieldsSunset Shield
8%
GreatshieldsWolf Knight's Greatshield
8%
Flames, Talismans & ChimesYorshka's Chime
8%
Spears & PikesYorshka's Spear
8%
Flames, Talismans & ChimesCanvas Talisman
6%
Standard ShieldsCarthus Shield
6%
Small ShieldsGolden Falcon Shield
6%
Spears & PikesGolden Ritual Spear
6%
StavesIzalith Staff
6%
StavesMendicant's Staff
6%
GreatshieldsMoaning Shield
6%
StavesMurky Longstaff
6%
Standard ShieldsPorcine Shield
6%
Flames, Talismans & ChimesPriest's Chime
6%
Flames, Talismans & ChimesSacred Chime of Fillianore
6%
StavesSage's Crystal Staff
6%
Spears & PikesSoldering Iron
6%
Standard ShieldsStone Parma
6%
Small ShieldsTarget Shield
6%
GreatshieldsTwin Dragon Greatshield
6%
GreatshieldsAncient Dragon Greatshield
3%
StavesArchdeacon's Great Staff
3%
Standard ShieldsBlue Wooden Shield
3%
Small ShieldsCrimson Parma
3%
Small ShieldsEastern Iron Shield
3%
Small ShieldsGhru Rotshield
3%
Standard ShieldsGolden Wing Crest Shield
3%
Small ShieldsHawkwood's Shield
3%
StavesMan-Grub's Staff
3%
Small ShieldsSacred Bloom Shield
3%
Flames, Talismans & ChimesSaint-tree Bellvine
3%
Standard ShieldsSilver Eagle Kite Shield
3%
Standard ShieldsSpirit Tree Crest Shield
3%
Standard ShieldsWargod Wooden Shield
3%
Small ShieldsWarrior's Round Shield
3%
Flames, Talismans & ChimesWhite Hair Talisman
3%
StavesWitchtree Branch
3%
Small ShieldsEikhorn Round Shield
0%
StavesPreacher's Right Arm
0%

Score Distribution

Percentile by Number Answered

Percent of People with Each Score

Your Score History

You have not taken this quiz since the last reset